[Event "Hessenliga 1213"]
[Site "Germany"]
[Date "2012.11.04"]
[Round "3.1"]
[White "Isserman, Ryhor"]
[Black "Klundt, Klaus"]
[Result "1-0"]
[WhiteElo "2335"]
[BlackElo "2358"]
[PlyCount "51"]
[EventDate "2012.09.16"]
[EventType "team-tourn"]
[EventRounds "9"]
[EventCountry "GER"]
[SourceTitle "EXT 2014"]
[Source "ChessBase"]
[SourceDate "2013.11.20"]
[SourceVersion "1"]
[SourceVersionDate "2013.11.20"]
[SourceQuality "1"]
[WhiteTeam "Bad Homburg"]
[BlackTeam "Heusenstamm"]
[WhiteTeamCountry "GER"]
[BlackTeamCountry "GER"]

1. e4 c5 2. Nf3 Nc6 3. Bb5 d6 4. 0-0 Bd7 5. Re1 Nf6 6. h3 a6 7. Bf1 e5 8. c3 Be7 9. d4 0-0 10. d5 Nb8 11. b4 Qc7 12. bxc5 dxc5 13. a4 Bc8 14. Na3 Nbd7 15. Nc4 Ne8 16. a5 f6 17. Nh4 Nd6 18. Nxd6 Bxd6 19. Nf5 Re8 20. Bh6 g6 21. Ng7 Re7 22. Ne6 Qb8 23. Rb1 Re8 24. Qf3 Bc7 25. d6 Nf8 26. Nxf8 1-0